Statistics for At bo/At være

Click here to take the quiz!

General Stats

  • This quiz has been taken 19 times
  • The average score is 9 of 12

Answer Stats

HintAnswer% Correct
Habit-oJeg bor
94%
SumJeg er
88%
Habita-ntDe bor
81%
Habita-sDu bor
81%
EsDu er
81%
Habita-tisI bor
81%
Habita-musVi bor
81%
SuntDe er
75%
EstisI er
75%
SumusVi er
75%
Habita-tHan, hun, den, det bor
38%
EstHan, hun, den, det er
31%

Score Distribution

Percentile by Number Answered

Percent of People with Each Score

Your Score History

You have not taken this quiz